Les 20 préfectures les plus proches d'Avignon - Statistiques

Statistiques générales
  • Ce quiz a été pris 211 fois
  • Le résultat moyen est 15 sur 20
Statistiques - réponses
distance (en km) ville préfecture % Correct
86 Marseille
98%
38 Nimes
96%
84 Montpellier
94%
201 Lyon
93%
200 Nice
93%
128 Toulon
86%
110 Valence
85%
156 Grenoble
82%
122 Gap
81%
169 Saint-Etienne
78%
89 Privas
69%
116 Digne les Bains
66%
122 Mende
64%
214 Carcassonne
61%
208 Perpignan
61%
184 Rodez
60%
200 Chambery
59%
217 Aurillac
55%
142 Le Puy en Velay
54%
213 Albi
48%
Aucun quiz correspondant
Distribution des résultats
% des personnes avec chaque résultat
Percentile par nombre de réponses
Votre historique - résultats
Vous n’avez pas pris ce quiz